INDIA : (Record no. 4542)
[ view plain ]
| 000 -الفاتح | |
|---|---|
| حقل البيانات ثابتة الطول | 00589nam a2200205Ia 4500 |
| 008 - عناصر البيانات ثابتة الطول - معلومات عامة | |
| حقل البيانات ثابتة الطول | 140319s9999 xx 000 0 eng d |
| 040 ## - مصدر الفهرسة | |
| وكالة الفهرسة الأصلية | GCL / |
| وكالة النسخ | GCL |
| 082 04 - رقم تصنيف ديوى العشرى | |
| رقم التصنيف | 915.4 |
| رقم المادة | M I |
| 100 1# - المدخل الرئيسى - إسم شخصى | |
| الإسم الشخصى | MATHUR, ASHARANI |
| 245 10 - بيان العنوان | |
| العنوان | INDIA : |
| بقية العنوان | SPECIALLY PUBLISHED FOR THE FESTIVAL OF INDIA / |
| بيان المسئوليه,etc | MATHUR, ASHARANI |
| 700 1# - المدخل الاضافى - اسم شخصى | |
| الإسم الشخصى | SINGH, SONYA |
| 700 1# - المدخل الاضافى - اسم شخصى | |
| الإسم الشخصى | GAJWANI, GOPI |
| 260 ## - PUBLICATION, DISTRIBUTION, ETC. (IMPRINT) | |
| تاريخ النشر أو التوزيع | 1987 |
| 300 ## - الوصف المادى | |
| التعداد | 191 P |
| تفاصيل ماديه اخرى للوعاء | COL.ILL. ؛ |
| أبعاد الوعاء | 28 cm. |
| 650 04 - المدخل الاضافى بالموضوع-مصطلح موضوعى | |
| مصطلح موضوعي | INDIA |
| 650 04 - المدخل الاضافى بالموضوع-مصطلح موضوعى | |
| مصطلح موضوعي | GUIDE BOOKS |
| 650 04 - المدخل الاضافى بالموضوع-مصطلح موضوعى | |
| مصطلح موضوعي | INDIA - DESCRIPTION AND TRAVELS |
| 942 ## - عناصر المدخل الإضافي( كوها) | |
| مصدر التصنيف او مخطط الترفيف | Dewey Decimal Classification |
| Koha [default] item type | كتاب |
| 260 ## - PUBLICATION, DISTRIBUTION, ETC. (IMPRINT) | |
| -- | الهند : |
| -- | BRIDGE PUBLICATIONS ، |
| حالة التراجع | حالة الفقد | حالة تلف | ليس للاعارة | المكان المؤقت | الموقع الحالى | تاريخ الاكتساب | اجمالي اﻻعارات | رقم الطلب | الباركود | تاريخ اخر مشاهدة | تاريخ تفعيل السعر | نوع وعاء كوها |
|---|---|---|---|---|---|---|---|---|---|---|---|---|
| مكتبة القاهرة الكبرى | مكتبة القاهرة الكبرى | 03/26/2014 | 915.4\M I | 10298 | 03/26/2014 | 03/26/2014 | كتاب | |||||
| مكتبة القاهرة الكبرى | مكتبة القاهرة الكبرى | 03/26/2014 | 915.4\M I | 10299 | 03/26/2014 | 03/26/2014 | كتاب |

